| 000 | 00737nam a2200193Ia 4500 | ||
|---|---|---|---|
| 008 | 151121s9999||||xx |||||||||||||| ||und|| | ||
| 082 | _a781/कुलश्रे | ||
| 082 | _bHNW-58537 | ||
| 100 | _aकुलश्रेष्ठ जगदीशसहाय | ||
| 245 | _aसंगीत-शास्त्र | ||
| 260 | _b"संगीत कार्यालय, हाथरस,उत्तरप्रदेश" | ||
| 260 | _c-- | ||
| 300 | _a105 | ||
| 600 | _aकुलश्रेष्ठ जगदीशसहाय | ||
| 630 | _aसंगीत-शास्त्र | ||
| 700 | _aकुलश्रेष्ठ जगदीशसहाय | ||
| 730 | _aसंगीत-शास्त्र | ||
| 942 | _cBOOK | ||
| 999 |
_c1240353 _d1240350 |
||